000 00517nam a2200181 i 4500
001 23514
003 ES-MaACL
005 20230906152903.0
007 t|
008 021211s1965 sp ||||1| spa d
080 _a821.134.2-39"14"
245 0 0 _aAmadis de Gaula /
_cedición y anotación por Edwin B. Place...
260 _aMadrid :
_bInstituto Miguel de Cervantes,
_c1965.
300 _a1 v. ;
_c25 cm.
500 _aEs el t. 3º.
700 1 _aPlace, Edwin B.
_992498
852 _aES-MaACL
_jP-560-Ter
_bR.58337
999 _c23514
_d23514